书目信息 |
| 题名: |
共青团工作的艺术
|
|
| 作者: | 穆宪 主编 | |
| 分册: | ||
| 出版信息: | 北京 中国青年出版社 2004 |
|
| 页数: | 407页 | |
| 开本: | 20cm | |
| 丛书名: | ||
| 单 册: | ||
| 中图分类: | D297 | |
| 科图分类: | ||
| 主题词: | 共青团工作--中国 | |
| 电子资源: | ||
| ISBN: | 7-5006-5616-5 | |
| 000 | 00756nam0 2200229 45 | |
| 001 | 002619667 | |
| 005 | 20050104083447.4 | |
| 010 | @a7-5006-5616-5@dCNY23.80 | |
| 100 | @a20040402d2004 em y0chiy0110 ea | |
| 101 | 0 | @achi |
| 102 | @aCN@b110000 | |
| 105 | @ay z 000yy | |
| 200 | 1 | @a共青团工作的艺术@Agong qing tuan gong zuo de yi shu@f穆宪主编@FMu Xian Zhu Bian |
| 210 | @a北京@c中国青年出版社@d2004 | |
| 215 | @a407页@d20cm | |
| 300 | @a共青团中央教材编审委员会统编教材 | |
| 330 | @a本书紧密联系共青团工作实务,提出了注重针对性与可操作性的相关工作方案、方式、步骤、策略、技巧等艺术范畴设计实施的原则。 | |
| 606 | 0 | @a共青团工作@y中国 |
| 690 | @aD297@v4 | |
| 701 | 0 | @a穆宪@4主编 |
| 801 | 0 | @aCN@bNLC@c20040511 |
| 905 | @b341451-455@dD297@e19@f5 | |
| 共青团工作的艺术/穆宪主编.-北京:中国青年出版社,2004 |
| 407页;20cm |
| 共青团中央教材编审委员会统编教材 |
| ISBN 7-5006-5616-5:CNY23.80 |
| 本书紧密联系共青团工作实务,提出了注重针对性与可操作性的相关工作方案、方式、步骤、策略、技巧等艺术范畴设计实施的原则。 |
| ● |
| 相关链接 |
|
|
|
|
正题名:共青团工作的艺术
索取号:D297/19
 
预约/预借
| 序号 | 登录号 | 条形码 | 馆藏地/架位号 | 状态 | 备注 |
| 1 | 0341451 | 203414518 | 第一样本阅览室/ [索取号:D297/19] | 在馆 | |
| 2 | 0341452 | 203414527 | 第一借阅区/ [索取号:D297/19] | 在馆 | |
| 3 | 0341453 | 203414536 | 第一借阅区/ [索取号:D297/19] | 在馆 | |
| 4 | 0341454 | 203414545 | 第一借阅区/ [索取号:D297/19] | 在馆 | |
| 5 | 0341455 | 203414554 | 第一借阅区/ [索取号:D297/19] | 在馆 |